Por un estado de democracia nacional /

Uloženo v:
Podrobná bibliografie
Hlavní autor: Cerdas Cruz, Rodolfo
Médium: Text
Témata:
Tagy: Přidat tag
Žádné tagy, Buďte první, kdo vytvoří štítek k tomuto záznamu!

MARC

LEADER 00000 a a2200000 04500
001 9489
003
040
100 |a Cerdas Cruz, Rodolfo  
245 |a Por un estado de democracia nacional /  |c Rodolfo Cerdas Cruz 
650 |a ESTADO  
650 |a DEMOCRACIA  
773 |g número 66; páginas 1-24  
999 |c 30069  |d 30069